[Event "Oskarja Memorial 10th"]
[Site "Chess.com INT"]
[Date "2021.01.16"]
[Round "9"]
[White "Novak, Biserka"]
[Black "Pockaj, Janez"]
[Result "1-0"]
[WhiteElo "1190"]
[BlackElo "1341"]
[PlyCount "79"]
[EventDate "2021.01.16"]
[EventType "swiss (blitz)"]
[EventRounds "15"]
[EventCountry "SLO"]
[SourceTitle "CBM 200 Extra"]
[Source "ChessBase"]
[SourceDate "2021.03.31"]
[SourceVersion "1"]
[SourceVersionDate "2021.03.31"]
[SourceQuality "1"]

1. e4 e6 2. d4 d5 3. exd5 Qxd5 4. Nf3 Nf6 5. Be3 Nc6 6. Nc3 Bb4 7. Qd2 Bxc3 8. bxc3 0-0 9. Be2 Ne4 10. Qd3 a6 11. 0-0 f5 12. c4 Qd7 13. d5 exd5 14. Qxd5+ Qf7 15. Qxf7+ Rxf7 16. Bd3 Nb4 17. Ne5 Rf8 18. f3 Nd6 19. c5 Nxd3 20. cxd3 Nb5 21. d4 Be6 22. a4 Nc3 23. Rfe1 Nd5 24. Kf2 Nxe3 25. Rxe3 g6 26. Rae1 Bb3 27. a5 Rad8 28. Rxb3 Rxd4 29. Rxb7 Rd2+ 30. Kg3 Ra2 31. Rxc7 Rxa5 32. c6 Re8 33. f4 g5 34. Rd7 gxf4+ 35. Kxf4 Ra4+ 36. Kxf5 Rf8+ 37. Ke6 Re8+ 38. Re7 Kf8 39. Rxe8+ Kxe8 40. c7 1-0

[Event "Oskarja Memorial 10th"]
[Site "Chess.com INT"]
[Date "2021.01.16"]
[Round "7"]
[White "Pockaj, Janez"]
[Black "Filippovskiy, Nikita"]
[Result "1/2-1/2"]
[WhiteElo "1341"]
[BlackElo "1269"]
[PlyCount "105"]
[EventDate "2021.01.16"]
[EventType "swiss (blitz)"]
[EventRounds "15"]
[EventCountry "SLO"]
[SourceTitle "CBM 200 Extra"]
[Source "ChessBase"]
[SourceDate "2021.03.31"]
[SourceVersion "1"]
[SourceVersionDate "2021.03.31"]
[SourceQuality "1"]

1. e4 c5 2. Nf3 Nc6 3. Nc3 g6 4. d4 cxd4 5. Nxd4 Bg7 6. Nxc6 bxc6 7. Bd2 Nf6 8. Qf3 0-0 9. Bd3 Rb8 10. b3 d5 11. Rb1 dxe4 12. Nxe4 Nxe4 13. Bxe4 Qd4 14. Bxc6 Bg4 15. Qe3 Qxe3+ 16. Bxe3 Rbc8 17. Be4 f5 18. Bd3 Bc3+ 19. Bd2 Bxd2+ 20. Kxd2 e5 21. f3 Bh5 22. Rhe1 Rfe8 23. c4 Rcd8 24. Kc3 Rd4 25. h3 Red8 26. Rbd1 e4 27. g4 Rxd3+ 28. Rxd3 Rxd3+ 29. Kb4 Rxf3 30. gxh5 Rxh3 31. hxg6 hxg6 32. c5 e3 33. c6 Rh4+ 34. Kc5 Re4 35. c7 Re8 36. Kd6 f4 37. Kd7 Kf7 38. c8Q Rxc8 39. Kxc8 g5 40. b4 g4 41. a4 g3 42. b5 g2 43. a5 f3 44. b6 axb6 45. axb6 f2 46. Rxe3 f1Q 47. b7 Qc4+ 48. Kb8 g1Q 49. Ra3 Qg3+ 50. Rxg3 Qf4+ 51. Ka8 Qxg3 52. b8Q Qxb8+ 53. Kxb8 1/2-1/2

[Event "Oskarja Memorial 10th"]
[Site "Chess.com INT"]
[Date "2021.01.16"]
[Round "10"]
[White "Pockaj, Janez"]
[Black "Kerman, Branko"]
[Result "1/2-1/2"]
[WhiteElo "1341"]
[BlackElo "1401"]
[PlyCount "90"]
[EventDate "2021.01.16"]
[EventType "swiss (blitz)"]
[EventRounds "15"]
[EventCountry "SLO"]
[SourceTitle "CBM 200 Extra"]
[Source "ChessBase"]
[SourceDate "2021.03.31"]
[SourceVersion "1"]
[SourceVersionDate "2021.03.31"]
[SourceQuality "1"]

1. d3 c5 2. e4 e6 3. Be3 b6 4. Nf3 Qc7 5. Qd2 Nc6 6. Be2 Bb7 7. h4 0-0-0 8. a4 a6 9. c3 d6 10. b4 Ne5 11. 0-0 Ng4 12. a5 b5 13. bxc5 dxc5 14. Bf4 e5 15. Bg3 Bxe4 16. Qg5 Bxd3 17. Qxg4+ Kb8 18. Bxe5 Bd6 19. Bxd3 Bxe5 20. Nxe5 Qxe5 21. Rd1 Nf6 22. Qxg7 Rhg8 23. Qxf7 c4 24. Bc2 Rxd1+ 25. Bxd1 Qe1+ 26. Kh2 Ng4+ 27. Kh3 Qh1+ 28. Kg3 Ne5+ 29. Qxg8+ Kb7 30. Qg7+ Kc6 31. Qxe5 Qxd1 32. Qd4 Qh5 33. Qb6+ Kd5 34. Qxa6 Qe5+ 35. Kh3 Qf5+ 36. Kh2 Qf4+ 37. Kg1 Qc1+ 38. Kh2 Qf4+ 39. Kh3 Qf5+ 40. g4 Qf3+ 41. Kh2 Qxf2+ 42. Kh3 Qf3+ 43. Kh2 Qf2+ 44. Kh1 Qf1+ 45. Kh2 Qf2+ 1/2-1/2